000 00912nam a2200265Ia 4500
003 OSt
005 20221005112556.0
006 a|||||r|||| 00| 0
007 ta
008 221004b |||||||| |||| 00| 0 pan d
020 _a9789352042791 (hbk)
_c150
024 _a26773
037 _b1007, 31/12/2015, H.K. Prakashan
_cTextual
040 _aCRL
_cCRL
_bpan
041 _2pan
_apan
082 _aS:56-86, 153Q5
100 _aਹਾੱਕ, ਪਾੱਲ
245 0 _aਡਿਪ੍ਰੈFਨ
260 _aਚੰਡੀਗੜ੍ਹ
_bਯੂਨੀਸਟਾਰ ਭਾਰਤ
_c2015
300 _a90ਪੰ
_ccm.
650 _aਮਨੋਵਿਗਿਆਨ
700 _a ਸਿੱਧੂ, ਬਲਕਾਰ, ੳਗ.
942 _hS:56-86, 153Q5
_cTEXL
_2cc
999 _c1025303
_d1025303